000 00602nam a22001337a 4500
040 _cRUA
082 _aFIS CHA 2009 B182 Or.1
100 _aCHAN NARITH; ចាន់ ណារិទ្ធ.
245 _aImproving capacity of seed production of giant freshwaterprawn (Macrobrachium rosenbergii); ការកែលំអសមត្ថភាពនៃការផលិតពូជបង្កងទឹកសាប.
260 _aPhnom Penh
_bRUA
_c2009
300 _ax; 48p.
_bill.
_c29cm.
856 _uhttps://drive.google.com/file/d/1UlHdqjPV0sEiJHxOFPS0hNSI2cbWSQm6/view?usp=sharing
942 _cFIS
999 _c4057
_d4057